00357nam a2200121Ia 4500008004000000082001300040100000600053245006300059260007500122300001200197440000700209650001900216210210b1969 xxu||||| |||| 00| 0 eng d a828 COLL a- aCollected works of Mahatma Gandhi. V1-70.V21 Aug-Dec 1921. aN DbPublication Division Ministry of Information & Broadcastingc1969 axix,603 a21 aMahatma Gandhi